Statystyki dla Państwa ludniejsze od swoich sąsiadów

Kliknij tutaj aby rozwiązać quiz!

Ogólne statystyki

  • Ten quiz został rozwiązany 13 135 razy
    (3 923 od ostatniego zresetowania)
  • Średni wynik to 12 z 18

Statystyki odpowiedzi

KrajSąsiedzi% Poprawnych
ChinyAfganistan, Bhutan, Indie, Kazachstan, Kirgistan, Laos, Mongolia, Mjanma, Nepal, Korea Północna, Pakistan, Rosja, Tadżykistan, Wietnam
97%
Stany ZjednoczoneKanada, Meksyk
95%
NiemcyAustria, Belgia, Czechy, Dania, Francja, Luksemburg, Holandia, Polska, Szwajcaria
91%
BrazyliaArgentyna, Boliwia, Kolumbia, (Francja), Gujana, Paragwaj, Peru, Surinam, Urugwaj, Wenezuela
88%
Republika Południowej AfrykiBotswana, Eswatini, Lesotho, Mozambik, Namibia, Zimbabwe
74%
Wielka BrytaniaIrlandia
73%
EgiptIzrael, Libia, Sudan
71%
IndonezjaTimor Wschodni, Malezja, Papua-Nowa Gwinea
68%
TurcjaArmenia, Azerbejdżan, Bułgaria, Grecja, Gruzja, Irak, Iran, Syria
68%
NigeriaBenin, Kamerun, Czad, Niger
66%
SzwecjaFinlandia, Norwegia
65%
Demokratyczna Republika KongaAngola, Burundi, Republika Środkowoafrykańska, Kongo, Rwanda, Sudan Południowy, Tanzania, Uganda, Zambia
63%
Korea PołudniowaKorea Północna
57%
AlgieriaLibia, Mali, Mauretania, Maroko, Niger, Tunezja
53%
EtiopiaDżibuti, Erytrea, Kenia, Somalia, Sudan Południowy, Sudan
49%
HaitiDominikana
39%
TajlandiaKambodża, Laos, Malezja, Mjanma
39%
GhanaBurkina Faso, Wybrzeże Kości Słoniowej, Togo
24%

Rozkład punktacji

Percentyl według liczby udzielonych odpowiedzi

Procent ludzi z każdym wynikiem

Twoja historia wyników

Nie rozwiązałeś tego quizu od ostatniego zresetowania